[Event "ECC"]
[Site "Halkidiki GRE"]
[Date "2002.09.24"]
[Round "3"]
[White "Lahtinen,M"]
[Black "Vestly,J"]
[Result "1-0"]
[WhiteElo "2287"]
[BlackElo "2123"]
[EventDate "2002.09.22"]

1. e4 e6 2. d3 d5 3. Nd2 c5 4. g3 Bd6 5. Bg2 Ne7 6. Ngf3 Nbc6 7. O-O O-O 8.
Nh4 Qc7 9. f4 f6 10. Ndf3 Bd7 11. c3 c4 12. Be3 b5 13. dxc4 bxc4 14. exd5
Nxd5 15. Bf2 Rab8 16. Qe2 Nce7 17. Rad1 Bc5 18. Nd4 Rb6 19. Rd2 Rfb8 20.
Bh3 e5 21. Bxd7 Qxd7 22. fxe5 fxe5 23. Qxe5 Rf8 24. Ndf5 Bxf2+ 25. Rfxf2
Nxf5 26. Rxd5 Nd6 27. Rfd2 Qf7 28. Qe2 Ne4 29. Rf5 Rf6 30. Qxe4 Rxf5 31.
Nxf5 Qxf5 32. Qxf5 Rxf5 33. Rd8+ Kf7 34. Rd7+ Kf6 35. Rxa7 Rb5 36. a4 Rxb2
37. Rc7 Ra2 38. Rxc4 h5 39. h3 g5 40. Kf1 Rh2 41. a5 Ra2 42. Rc6+ Kf5 43.
Rc5+ Kf6 44. c4 h4 45. g4 Ra3 46. Rf5+ Kg6 47. Kg2 Rg3+ 48. Kh2 Ra3 49. Rb5
Kf6 50. Rf5+ Kg6 51. Rb5 Kf6 52. c5 Ra2+ 53. Kg1 Ke5 54. c6+ Kd6 55. Rxg5
Kxc6 56. Rh5 Kd7 57. Rxh4 Rxa5 58. Rh7+ 1-0

[Event "ECC"]
[Site "Halkidiki GRE"]
[Date "2002.09.24"]
[Round "3"]
[White "Timoscenko,G"]
[Black "Yeke,S"]
[Result "1-0"]
[WhiteElo "2508"]
[BlackElo "2258"]
[EventDate "2002.09.22"]

1. d4 d5 2. c4 c6 3. Nf3 Nf6 4. Nc3 dxc4 5. a4 Bf5 6. Ne5 Nbd7 7. Nxc4 Nb6
8. e3 e6 9. a5 Nbd5 10. f3 Nb4 11. e4 Bg6 12. Be3 Be7 13. Be2 Nd7 14. O-O
O-O 15. Qb3 b5 16. axb6 axb6 17. Rxa8 Qxa8 18. f4 h6 19. Ne5 Nxe5 20. dxe5
Qa5 21. Kh1 Bc5 22. f5 exf5 23. exf5 Bh7 24. Bd2 Nd5 25. Ne4 Bb4 26. Bc1
Kh8 27. Bc4 f6 28. e6 Ne7 29. g4 h5 30. h3 hxg4 31. hxg4 Qe5 32. Ng3 g5 33.
Kg2 Bd6 34. Qe3 b5 35. Qxe5 Bxe5 36. Bb3 c5 37. Rd1 c4 38. Bc2 b4 39. Rd7
Re8 40. Ba4 Bxg3 41. Rb7 Rb8 42. Rxe7 Be5 43. Re8+ Rxe8 44. Bxe8 Bg8 45.
Bb5 c3 46. b3 Kg7 47. Kf3 Kf8 48. Be3 Bd6 49. Bd3 Ke7 50. Ke4 1-0

[Event "ECC"]
[Site "Halkidiki GRE"]
[Date "2002.09.24"]
[Round "3"]
[White "Erdogan,H"]
[Black "Bednar,Jar"]
[Result "1-0"]
[WhiteElo "2218"]
[BlackElo "2335"]
[EventDate "2002.09.22"]

1. d4 d6 2. c4 Nf6 3. Nc3 c6 4. e4 Nbd7 5. Nf3 e5 6. Be2 g6 7. O-O Bg7 8.
dxe5 dxe5 9. Qd6 Bf8 10. Qd2 Bb4 11. Qc2 O-O 12. Rd1 Re8 13. Na4 Qc7 14.
Bg5 Be7 15. Rac1 b6 16. a3 a5 17. h3 Nf8 18. c5 b5 19. Nb6 Rb8 20. a4 b4
21. Nc4 b3 22. Qb1 Ba6 23. Bf1 Bxc4 24. Bxc4 N8d7 25. Be3 Rb4 26. Bd2 Rb7
27. Be3 Rb4 28. Qd3 Rd8 29. Ng5 Rf8 30. Bxb3 Qb7 31. Rc3 Kg7 32. Bc2 Rxb2
33. Rb1 Rxb1+ 34. Bxb1 Qb4 35. Rc4 Qb2 36. Bc2 h6 37. Nf3 Rd8 38. Qd2 Nb6
39. cxb6 Rxd2 40. Nxd2 c5 41. Nb3 Nxe4 42. b7 Bd6 43. Bxe4 Qxb3 44. Bxc5
Bb8 45. Bf8+ Kh7 46. Rc8 f5 47. Rxb8 fxe4 48. Bc5 Qb2 49. Be3 1-0

[Event "ECC"]
[Site "Halkidiki GRE"]
[Date "2002.09.24"]
[Round "3"]
[White "Kajan,M"]
[Black "Kilicaslan,H"]
[Result "0-1"]
[WhiteElo "2099"]
[BlackElo "2260"]
[EventDate "2002.09.22"]

1. e4 e5 2. Nf3 Nc6 3. Bc4 Nf6 4. Ng5 d5 5. exd5 b5 6. dxc6 bxc4 7. Qe2 Bd6
8. h3 O-O 9. Nf3 e4 10. Nd4 Be5 11. Nb5 Qd5 12. N1c3 Qxc6 13. Qe3 Rd8 14.
Nxa7 Rxa7 15. Qxa7 e3 16. f3 Bd4 17. Qa4 Qd6 18. Ne2 Bb6 19. d3 cxd3 20.
cxd3 Qxd3 21. Qb3 Ba5+ 22. Bd2 Qxd2+ 23. Kf1 Ba6 24. Kg1 Bxe2 0-1

[Event "ECC"]
[Site "Halkidiki GRE"]
[Date "2002.09.24"]
[Round "3"]
[White "Olafsson,H"]
[Black "Beaumont,C"]
[Result "0-1"]
[WhiteElo "2476"]
[BlackElo "2318"]
[EventDate "2002.09.22"]

1. c4 g6 2. d4 Bg7 3. e4 d6 4. Nc3 Nf6 5. f3 O-O 6. Be3 Nbd7 7. Nh3 a6 8.
Nf2 c5 9. Be2 Qa5 10. O-O cxd4 11. Bxd4 Ne5 12. Rc1 Bd7 13. b3 b5 14. f4
Nc6 15. Bxf6 Bxf6 16. Nd5 Bg7 17. cxb5 Nd4 18. Nxe7+ Kh8 19. Nc6 Nxe2+ 20.
Qxe2 Qxb5 21. Qxb5 axb5 22. Rc2 f5 23. exf5 Bxf5 24. Rd2 Bc3 25. Re2 Bd7
26. Ne4 b4 27. Nxc3 Bxc6 28. Na4 Bb5 29. Re4 Bxf1 30. Kxf1 Rab8 31. Kf2 g5
32. g3 gxf4 33. gxf4 Rf5 34. Rd4 Rh5 35. Rxd6 Rxh2+ 36. Kf3 Rxa2 37. Nc5
Rc2 38. Ne4 Rb2 39. Rd3 Rb5 40. Rd8+ Kg7 41. Rd7+ Kg6 42. Rd6+ Kf7 43. Rd7+
Ke6 44. Rd6+ Ke7 45. Rd3 h5 46. Re3 Kd8 47. Nd6 Rd5 48. Nc4 Rb1 49. Ne5 Rc5
50. Nc4 Rc1 51. Re6 Rc3+ 52. Ke4 Rxb3 53. Ne5 Rb1 54. Kd4 Rc7 55. f5 Rd1+
56. Ke4 b3 57. Rb6 Re7 58. f6 Re1+ 59. Kf4 R7xe5 0-1

[Event "ECC"]
[Site "Halkidiki GRE"]
[Date "2002.09.24"]
[Round "3"]
[White "Burgess,G"]
[Black "Karlsson,A"]
[Result "1-0"]
[WhiteElo "2309"]
[BlackElo "2347"]
[EventDate "2002.09.22"]

1. d4 g6 2. e4 Bg7 3. Nc3 c6 4. Be3 d5 5. f3 a6 6. Qd2 b5 7. a3 Be6 8. h4
dxe4 9. Nxe4 h5 10. Ne2 Bd5 11. Ng5 Bc4 12. O-O-O Nd7 13. Nf4 Nb6 14. d5
Bxf1 15. Bxb6 Qxb6 16. d6 Bc4 17. d7+ Kd8 18. b3 Nh6 19. bxc4 Kc7 20. c5
Qa7 21. Nge6+ fxe6 22. Nxe6+ Kb7 23. Qa5 Be5 24. d8=Q Raxd8 25. Rxd8 Rxd8
26. Qxd8 Nf5 27. Rd1 Qb8 28. Qb6+ 1-0

[Event "ECC"]
[Site "Halkidiki GRE"]
[Date "2002.09.24"]
[Round "3"]
[White "Gretarsson,A"]
[Black "Dilleigh,S"]
[Result "1-0"]
[WhiteElo "2313"]
[BlackElo "2164"]
[EventDate "2002.09.22"]

1. e4 e5 2. Nf3 Nc6 3. Bc4 Nf6 4. Ng5 d5 5. exd5 Na5 6. Bb5+ c6 7. dxc6
bxc6 8. Be2 h6 9. Nh3 g5 10. c3 Qd5 11. f3 Bxh3 12. gxh3 Bg7 13. Qa4 Nb7
14. d3 Nc5 15. Qc4 Qxc4 16. dxc4 Nh5 17. Nd2 Nf4 18. Ne4 Nxe4 19. fxe4 Nxh3
20. Be3 Nf4 21. Rd1 Ng2+ 22. Kf2 Nxe3 23. Kxe3 Ke7 24. c5 Rad8 25. b4 Rxd1
26. Rxd1 Rd8 27. a4 Bf8 28. Rxd8 Kxd8 29. Kf2 Be7 30. Kg3 g4 31. Kxg4 Bg5
32. Kf5 Bf4 33. h3 Kc7 34. b5 Bd2 35. c4 Bc3 36. Bh5 Bd4 37. Bxf7 Kd7 38.
Be6+ Kc7 39. Bg8 Kd7 40. Bf7 Kc7 41. Ke6 cxb5 42. cxb5 Bxc5 43. Kxe5 Kd7
44. Bh5 Bb4 45. Bg4+ Ke7 46. Kd5 Bd2 47. Bf5 Be1 48. e5 Bc3 49. Bg4 Bd2 50.
Kc6 Bc3 51. Kb7 Bxe5 52. Kxa7 Kd6 53. a5 Bc3 54. Kb6 Bd4+ 55. Kb7 Kc5 56.
Bd7 1-0

[Event "ECC"]
[Site "Halkidiki GRE"]
[Date "2002.09.25"]
[Round "4"]
[White "Sakaev,K"]
[Black "Adams,Mi"]
[Result "0-1"]
[WhiteElo "2647"]
[BlackElo "2752"]
[EventDate "2002.09.22"]

1. d4 Nf6 2. Nf3 e6 3. c4 b6 4. g3 Ba6 5. Nbd2 Bb4 6. Qc2 Bb7 7. Bg2 Be4 8.
Qb3 Bxd2+ 9. Bxd2 O-O 10. O-O d6 11. Rfd1 Nbd7 12. Rac1 Re8 13. Be1 Qe7 14.
Qe3 a5 15. Bf1 Bb7 16. Nh4 Qf8 17. Qd3 e5 18. d5 Nc5 19. Qc2 Bc8 20. f3 Kh8
21. Bf2 Ng8 22. e4 Ne7 23. Nf5 Nxf5 24. exf5 g6 25. fxg6 hxg6 26. Be3 Kg7
27. h4 Qh8 28. Rd2 Qh5 29. Qd1 e4 30. Be2 Kg8 31. fxe4 Qe5 32. Bf4 Qxe4 33.
Bf3 Qf5 34. Qf1 Bd7 35. Rd4 Rab8 36. Bd2 b5 37. Bxa5 bxc4 38. Rf4 Qe5 39.
Re1 Qxb2 40. Rxe8+ Rxe8 41. Qxc4 Ra8 42. Qc3 Qb1+ 43. Qe1 Qxa2 44. Qe7 Qb1+
45. Kh2 Bf5 46. g4 Nd3 47. Rxf5 Qb2+ 48. Bg2 gxf5 49. Bxc7 Ra2 50. Qg5+ Qg7
51. Qxf5 Ne1 0-1

[Event "ECC"]
[Site "Halkidiki GRE"]
[Date "2002.09.25"]
[Round "4"]
[White "Korchnoi,V"]
[Black "Sokolov,I"]
[Result "1/2-1/2"]
[WhiteElo "2626"]
[BlackElo "2677"]
[EventDate "2002.09.22"]

1. d4 d5 2. c4 c6 3. Nf3 Nf6 4. e3 Bf5 5. Nc3 e6 6. Nh4 Bg6 7. Qb3 Qc7 8.
Nxg6 hxg6 9. g3 Nbd7 10. cxd5 exd5 11. Bd2 Bd6 12. Rc1 Qb6 13. Qc2 Nf8 14.
b4 Ne6 15. b5 Ba3 16. Rb1 c5 17. dxc5 Nxc5 18. Bg2 Qe6 19. Ne2 Nce4 20. Nd4
Qe7 21. O-O O-O 22. Rfd1 Rac8 23. Qb3 Bd6 24. Be1 Rc4 25. Qd3 Rfc8 26. Bh3
R8c7 27. Ba5 R7c5 28. Rb2 Rc1 29. Rb1 1/2-1/2

[Event "ECC"]
[Site "Halkidiki GRE"]
[Date "2002.09.25"]
[Round "4"]
[White "Movsesian,S"]
[Black "Ivanov,Se"]
[Result "1/2-1/2"]
[WhiteElo "2654"]
[BlackElo "2561"]
[EventDate "2002.09.22"]

1. e4 e6 2. d4 d5 3. e5 c5 4. c3 Qb6 5. Nf3 Nc6 6. Be2 cxd4 7. cxd4 Nh6 8.
Bd3 Bd7 9. Nc3 Nxd4 10. O-O Bc5 11. a4 Qb3 12. Qd2 Nxf3+ 13. gxf3 Rc8 14.
Qe2 Nf5 15. Bc2 Qc4 16. Bd3 Qb3 17. Bc2 Qc4 18. Bd3 Qh4 19. Bxf5 exf5 20.
Nxd5 Bc6 21. Rd1 Bxd5 22. Rxd5 Bxf2+ 23. Kg2 Bb6 24. a5 Rxc1 25. Rxc1 Qg5+
26. Kh3 Qxc1 27. Qb5+ Qc6 28. axb6 axb6 29. Qxc6+ bxc6 30. Rd6 c5 31. Rxb6
Kd7 32. b4 Re8 33. bxc5 Rxe5 34. Rb7+ Ke6 35. Rb6+ Ke7 36. Rb7+ Kf6 37.
Rb6+ Kg5 38. Rb7 Kf4 39. Rxf7 g5 40. c6 h5 41. c7 Rc5 42. Kg2 Rc2+ 43. Kf1
g4 44. fxg4 1/2-1/2

[Event "ECC"]
[Site "Halkidiki GRE"]
[Date "2002.09.25"]
[Round "4"]
[White "Kozul,Z"]
[Black "Smirnov,P"]
[Result "1-0"]
[WhiteElo "2588"]
[BlackElo "2539"]
[EventDate "2002.09.22"]

1. c4 c5 2. Nc3 Nc6 3. Nf3 Nf6 4. a3 e6 5. e3 d5 6. d4 cxd4 7. exd4 g6 8.
cxd5 Nxd5 9. Bb5 Bg7 10. O-O O-O 11. Bxc6 Nxc3 12. bxc3 bxc6 13. Qa4 c5 14.
dxc5 Bb7 15. Be3 Bxf3 16. gxf3 Bxc3 17. Rab1 Qc7 18. Rfc1 Be5 19. f4 Bg7
20. c6 e5 21. Rb7 Qd8 22. Qc4 exf4 23. Bxf4 Qf6 24. c7 Rac8 25. Bg3 Qf5 26.
Qc5 Qg4 27. Rb4 Qd7 28. Qxa7 h5 29. Qa4 Qe6 30. Qc6 Qf5 31. Qc5 Qd7 32. Rb8
Qg4 33. Qc4 Qf5 34. a4 g5 35. Qb5 Qg4 36. h3 Qxh3 37. Qxg5 f6 38. Qd5+ Kh7
39. Rb4 1-0

[Event "ECC"]
[Site "Halkidiki GRE"]
[Date "2002.09.25"]
[Round "4"]
[White "Stanojoski,Z"]
[Black "Nataf,IA"]
[Result "1/2-1/2"]
[WhiteElo "2479"]
[BlackElo "2560"]
[EventDate "2002.09.22"]

1. c4 g6 2. g3 Bg7 3. Bg2 e5 4. e3 Nc6 5. Ne2 Nge7 6. Nbc3 O-O 7. O-O d6 8.
d3 Be6 9. Nd5 Qd7 10. Rb1 a5 11. a3 Nd8 12. Nxe7+ Qxe7 13. b4 axb4 14. axb4
Qd7 15. Nc3 Bh3 1/2-1/2

[Event "ECC"]
[Site "Halkidiki GRE"]
[Date "2002.09.25"]
[Round "4"]
[White "Hauchard,A"]
[Black "Stojanovski,D"]
[Result "1-0"]
[WhiteElo "2509"]
[BlackElo "2416"]
[EventDate "2002.09.22"]

1. d4 Nf6 2. c4 c5 3. d5 b5 4. cxb5 a6 5. f3 axb5 6. e4 Qa5+ 7. Bd2 b4 8.
Na3 d6 9. Nc4 Qd8 10. Bd3 e6 11. dxe6 Bxe6 12. Ne2 d5 13. exd5 Nxd5 14. O-O
Be7 15. Qc2 Nc6 16. Be4 Ra7 17. Rfd1 Nd4 18. Nxd4 cxd4 19. Ne5 Qc7 20. Qc6+
Qxc6 21. Nxc6 Rb7 22. Nxe7 Kxe7 23. Bg5+ f6 24. Bh4 b3 25. axb3 g5 26. Bf2
f5 27. Bxd4 Rc8 28. Bd3 Nb4 29. Bc4 Bxc4 30. bxc4 Rxc4 31. Bc3 Nc6 32. Rd5
Ke6 33. Rad1 g4 34. Rd6+ Ke7 35. Rh6 Ke8 36. Re1+ Kf8 37. fxg4 fxg4 38.
Rf1+ Ke8 39. Rhf6 Re7 40. Rf8+ Kd7 41. R8f4 Rxf4 42. Rxf4 h5 43. Rf5 Rh7
44. Rg5 Ke6 45. Kf2 Ne7 46. Re5+ Kd6 47. Kg3 Nd5 48. Bd4 Ne7 49. Rg5 Ke6
50. Kf4 Rf7+ 51. Ke4 Rf5 52. Rxf5 Nxf5 53. Bf2 Nd6+ 54. Kf4 Kd5 55. Be1 1-0

[Event "ECC"]
[Site "Halkidiki GRE"]
[Date "2002.09.25"]
[Round "4"]
[White "Yemelin,V"]
[Black "Baklan,V"]
[Result "1/2-1/2"]
[WhiteElo "2534"]
[BlackElo "2614"]
[EventDate "2002.09.22"]

1. e4 e6 2. d4 d5 3. Nd2 c5 4. exd5 exd5 5. Ngf3 Nf6 6. Bb5+ Bd7 7. Bxd7+
Nbxd7 8. O-O Be7 9. dxc5 Nxc5 10. Nd4 Qd7 11. N2f3 O-O 12. Bf4 Rfe8 13. c3
Nce4 14. Ne5 Qc8 15. Nd3 Bd6 16. Re1 Bxf4 17. Nxf4 Qc7 18. g3 Qd7 19. Qc2
Nc5 20. Rad1 Rxe1+ 21. Rxe1 Re8 22. Rd1 g6 23. Ng2 Qh3 24. Ne3 Ng4 25. Nxg4
Qxg4 26. f3 Qd7 27. Qd2 Qa4 28. b3 Qa6 29. Re1 1/2-1/2

[Event "ECC"]
[Site "Halkidiki GRE"]
[Date "2002.09.25"]
[Round "4"]
[White "Timofeev,Ar"]
[Black "Lugovoi,A"]
[Result "1-0"]
[WhiteElo "2558"]
[BlackElo "2516"]
[EventDate "2002.09.22"]

1. e4 d6 2. d4 Nf6 3. Nc3 g6 4. Bg5 h6 5. Bh4 Bg7 6. Qd2 g5 7. Bg3 Nh5 8.
O-O-O a6 9. f3 Nxg3 10. hxg3 Nc6 11. Nge2 e6 12. f4 Bd7 13. e5 dxe5 14.
dxe5 Qe7 15. Ne4 O-O-O 16. N2c3 Kb8 17. Be2 Bc8 18. Qe3 b6 19. a3 Bb7 20.
Bf3 Rxd1+ 21. Rxd1 Rd8 22. Rd3 Rxd3 23. Qxd3 gxf4 24. gxf4 f6 25. exf6 Bxf6
26. Ne2 Bg7 27. c3 Qf7 28. Nd2 Bf6 29. Nc4 Ka7 30. Be4 Qh5 31. Kd2 Qb5 32.
b4 Ne7 33. Ne3 Bxe4 34. Qxe4 Qd7+ 35. Nd4 Bxd4 36. Qxd4 Qc6 37. g4 Kb7 38.
Kd3 Qb5+ 39. Qc4 Qd7+ 40. Ke4 Nc6 41. Kf3 Nd8 42. Qd4 Qe8 43. Qe4+ Kb8 44.
Nf5 Qh8 45. Qd4 Qf8 46. Qg7 Qe8 47. Nxh6 e5 48. f5 Qc6+ 49. Kg3 Qxc3+ 50.
Kh4 Qd2 51. Nf7 Nc6 52. Qh6 Qh2+ 53. Kg5 Qf4+ 54. Kh5 Qh2+ 55. Kg6 Qg3 56.
Qf8+ Ka7 57. Qe8 Qxg4+ 58. Ng5 Qc4 59. Qf7 Qxf7+ 60. Kxf7 Kb7 61. f6 Kc8
62. Ke8 Nd8 63. Ne4 c6 64. a4 Kc7 65. a5 bxa5 66. bxa5 c5 67. Nxc5 Kc8 68.
Ke7 Nc6+ 69. Kd6 Nd8 70. Kxe5 1-0

[Event "ECC"]
[Site "Halkidiki GRE"]
[Date "2002.09.25"]
[Round "4"]
[White "Vydeslaver,A"]
[Black "Landa,K"]
[Result "0-1"]
[WhiteElo "2430"]
[BlackElo "2621"]
[EventDate "2002.09.22"]

1. e4 c5 2. Nf3 e6 3. d4 cxd4 4. Nxd4 a6 5. Bd3 Qb6 6. Nb3 d6 7. O-O Nf6 8.
Nc3 Be7 9. Be3 Qc7 10. f4 Nbd7 11. Qf3 b5 12. Rae1 Bb7 13. a3 O-O 14. Qh3
Rfe8 15. g4 d5 16. e5 Ne4 17. Ne2 b4 18. axb4 Bxb4 19. c3 Bf8 20. Ng3 a5
21. Bd4 Reb8 22. Rxe4 dxe4 23. Nxe4 Ba6 24. Ng5 Bxd3 25. Qxd3 g6 26. f5
Rxb3 27. fxe6 fxe6 28. Rf7 Nxe5 29. Qg3 Nxf7 30. Qxc7 Nxg5 31. Qc6 Rab8 32.
h4 Nf7 33. h5 g5 34. c4 Rg3+ 35. Kf2 Rxg4 36. Bc3 Rf4+ 37. Kg2 Rg4+ 38. Kf2
Rf4+ 39. Kg2 Bb4 0-1

[Event "ECC"]
[Site "Halkidiki GRE"]
[Date "2002.09.25"]
[Round "4"]
[White "Mastrovasilis,D"]
[Black "Macieja,B"]
[Result "0-1"]
[WhiteElo "2462"]
[BlackElo "2607"]
[EventDate "2002.09.22"]

1. e4 c5 2. Nf3 d6 3. d4 cxd4 4. Nxd4 Nf6 5. Nc3 g6 6. Be3 Bg7 7. f3 Nc6 8.
Qd2 O-O 9. Bc4 Bd7 10. O-O-O Rc8 11. Bb3 Nxd4 12. Bxd4 b5 13. e5 dxe5 14.
Bxe5 Bc6 15. Qxd8 Rfxd8 16. Kb1 b4 17. Bxf6 Bxf6 18. Nd5 Bxd5 19. Bxd5 Rd6
20. Rd3 e6 21. Bc4 Be5 22. Rxd6 Bxd6 23. Bd3 Rc5 24. g3 h5 25. Kc1 h4 26.
f4 g5 27. Rf1 Ra5 28. Kd2 gxf4 29. gxf4 Rxa2 30. f5 exf5 31. Bc4 Ra5 32. h3
Kg7 33. Rf3 Kf6 34. Rd3 Bf4+ 35. Ke2 Re5+ 36. Kf3 Bc1 37. b3 Re1 38. Kf2
Re7 39. Rd1 Be3+ 40. Kf3 Bb6 41. Rd3 Re1 42. c3 bxc3 43. Rxc3 Kg6 44. Rd3
f6 45. Rd7 Re3+ 46. Kf4 Re4+ 47. Kf3 Re1 48. Bd3 Re3+ 49. Kf4 Re5 50. Bc4
Be3+ 51. Kf3 Bg5 52. Bf7+ Kh6 53. Rd3 a5 54. Kf2 Bc1 55. Kf3 Kg5 56. Rd1
Re3+ 57. Kf2 Rc3 58. Bc4 a4 59. Rd3 Rxd3 60. Bxd3 a3 61. Bb1 Kf4 62. b4
Be3+ 63. Kg2 Ba7 0-1

[Event "ECC"]
[Site "Halkidiki GRE"]
[Date "2002.09.25"]
[Round "4"]
[White "Kempinski,R"]
[Black "Karayannis,A"]
[Result "1-0"]
[WhiteElo "2587"]
[BlackElo "2391"]
[EventDate "2002.09.22"]

1. d4 e6 2. c4 Bb4+ 3. Nd2 f5 4. a3 Bxd2+ 5. Bxd2 Nf6 6. f3 O-O 7. Nh3 d6
8. Bc3 Qe7 9. g3 e5 10. Bg2 c5 11. dxe5 dxe5 12. O-O Nc6 13. e3 Be6 14. Qe2
Rad8 15. b3 h6 16. Nf2 Bf7 17. g4 Qe6 18. Rad1 b6 19. Rxd8 Rxd8 20. gxf5
Qxf5 21. Rd1 Rxd1+ 22. Qxd1 Bh5 23. Qd3 Ne7 24. b4 cxb4 25. axb4 Qe6 26.
Ne4 Bf7 27. Bf1 Nxe4 28. Qxe4 Qg6+ 29. Qxg6 Nxg6 30. Bd3 Kf8 31. Kf2 Ke7
32. c5 bxc5 33. bxc5 Ke6 34. Bc4+ Ke7 35. Bb5 Be6 36. Bd3 Bf7 37. Kg3 h5
38. f4 exf4+ 39. exf4 Nf8 40. c6 g6 41. Bb4+ Ke8 42. c7 Be6 43. Bb5+ 1-0

[Event "ECC"]
[Site "Halkidiki GRE"]
[Date "2002.09.25"]
[Round "4"]
[White "Tzermiadianos,And"]
[Black "Socko,B"]
[Result "0-1"]
[WhiteElo "2440"]
[BlackElo "2562"]
[EventDate "2002.09.22"]

1. e4 e6 2. d4 d5 3. Nd2 b6 4. c3 dxe4 5. Nxe4 Bb7 6. Bb5+ Nd7 7. Qe2 Ngf6
8. Nxf6+ gxf6 9. Nf3 Bd6 10. O-O c6 11. Ba6 Bxa6 12. Qxa6 Qc7 13. Re1 b5
14. b4 Nb6 15. a4 Nxa4 16. d5 Qb6 17. Qxb6 axb6 18. dxe6 O-O 19. Bh6 Rfe8
20. Rad1 Bf8 21. exf7+ Kxf7 22. Rd7+ Re7 23. Rexe7+ Bxe7 24. g3 Nxc3 25.
Nd4 Ra1+ 26. Kg2 Rd1 27. Be3 c5 28. bxc5 bxc5 29. Nxb5 Rxd7 30. Nxc3 c4 31.
Kf3 Rd3 32. Na4 Rb3 33. Ke4 f5+ 34. Kd4 Rb4 35. Nc5 Bf6+ 36. Kd5 c3 37. Nd3
Rb1 38. Kc4 c2 39. Bc1 h5 40. h4 Bg7 41. Bf4 Rd1 42. Be3 Kg8 43. Bf4 Kh7
44. Be3 Bh6 45. f4 Bg7 0-1

[Event "ECC"]
[Site "Halkidiki GRE"]
[Date "2002.09.25"]
[Round "4"]
[White "Romanishin,O"]
[Black "Eingorn,V"]
[Result "1/2-1/2"]
[WhiteElo "2559"]
[BlackElo "2604"]
[EventDate "2002.09.22"]

1. d4 Nf6 2. Nf3 c5 3. d5 d6 4. Nc3 g6 5. e4 Bg7 6. Bb5+ Bd7 7. a4 O-O 8.
O-O Bxb5 9. axb5 Nbd7 10. Qe2 Nb6 11. Rd1 Nfd7 12. Bf4 Bxc3 13. bxc3 f6 14.
Ra3 a6 15. bxa6 Rxa6 16. Rxa6 bxa6 17. Bh6 Re8 18. Qxa6 Qa8 19. Qe2 Qa4 20.
h4 Nc4 21. Rb1 Nce5 22. Nxe5 Nxe5 23. Bf4 Qc4 24. Qe3 Nf7 25. Qd3 Qa4 26.
Rb7 Kg7 27. c4 Qa8 28. Rb5 Qa1+ 29. Kh2 Ne5 30. Bxe5 Qxe5+ 31. g3 g5 32.
Qe2 h5 33. Rb3 Rh8 34. Kg2 g4 35. f4 gxf3+ 36. Rxf3 Rh6 37. c3 Rg6 38. Qe3
Rg4 39. Rf4 f5 40. Rxf5 Qxe4+ 41. Qxe4 Rxe4 42. Rxh5 Rxc4 43. Rg5+ Kh6 44.
g4 Rxc3 45. Rh5+ Kg6 46. Rg5+ Kh6 47. Rh5+ Kg6 1/2-1/2

[Event "ECC"]
[Site "Halkidiki GRE"]
[Date "2002.09.25"]
[Round "4"]
[White "Timoshenko,G"]
[Black "Maksimenko,A"]
[Result "1/2-1/2"]
[WhiteElo "2528"]
[BlackElo "2523"]
[EventDate "2002.09.22"]

1. e4 c5 2. Nf3 d6 3. d4 cxd4 4. Nxd4 Nf6 5. Nc3 a6 6. Be3 e6 7. f3 b5 8.
Qd2 Nbd7 9. g4 h6 10. O-O-O Bb7 11. h4 b4 12. Na4 Qa5 13. b3 Nc5 14. a3 Rc8
15. Qxb4 Qc7 16. Nxc5 dxc5 17. Qa4+ Nd7 18. Ne2 c4 19. Bf4 Qc6 20. Kb2 Qxa4
21. bxa4 Be7 22. Be3 Ne5 23. Nd4 O-O 24. Be2 Rfd8 25. g5 1/2-1/2

[Event "ECC"]
[Site "Halkidiki GRE"]
[Date "2002.09.25"]
[Round "4"]
[White "Kozakov,M"]
[Black "Kuzmin,G"]
[Result "1/2-1/2"]
[WhiteElo "2450"]
[BlackElo "2512"]
[EventDate "2002.09.22"]

1. e4 d6 2. d4 Nf6 3. Nc3 g6 4. Be3 c6 5. Qd2 b5 6. Bd3 Nbd7 7. Nf3 e5 8.
dxe5 dxe5 9. h3 Bb7 10. O-O Qc7 11. Bh6 Bxh6 12. Qxh6 Qd6 13. a4 a6 14.
axb5 cxb5 15. Rfe1 Qf8 16. Qe3 Qb4 17. Nd5 Bxd5 18. exd5 O-O 19. Nxe5 Nxe5
20. Qxe5 Rae8 21. Qc3 Nxd5 22. Qxb4 Nxb4 23. Rxe8 Rxe8 24. Bf1 Nxc2 25.
Rxa6 Re1 26. Rd6 b4 27. Rd2 b3 28. Rd3 Na1 29. f3 Rb1 30. Rd2 Nc2 31. Kf2
Rxb2 32. Bc4 1/2-1/2

[Event "ECC"]
[Site "Halkidiki GRE"]
[Date "2002.09.25"]
[Round "4"]
[White "Zvjaginsev,V"]
[Black "Lerner,K"]
[Result "1-0"]
[WhiteElo "2673"]
[BlackElo "2536"]
[EventDate "2002.09.22"]

1. c4 Nf6 2. Nc3 e6 3. e4 c5 4. Nf3 Nc6 5. Be2 d5 6. exd5 exd5 7. d4 Be6 8.
Be3 cxd4 9. Nxd4 Nxd4 10. Bxd4 dxc4 11. O-O Be7 12. Qa4+ Qd7 13. Qxd7+ Bxd7
14. Bxc4 O-O 15. Nd5 Nxd5 16. Bxd5 Bc6 17. Bxc6 bxc6 18. Rac1 Rfc8 19. Rc4
a5 20. Re1 Bb4 21. Rec1 Ra6 22. g3 f6 23. a3 Be7 24. Ra4 Kf7 25. Bc3 Rca8
26. Kf1 f5 27. Rf4 g6 28. Rd1 Rd8 29. Rxd8 Bxd8 30. g4 Ke6 31. gxf5+ gxf5
32. Ra4 c5 33. Ke2 Kd5 34. Rf4 Ke6 35. Kd3 Bg5 36. Rf3 f4 37. Ke4 c4 38.
Bd4 a4 39. h4 Bh6 40. Rc3 Rc6 41. Rc2 Rc8 42. Rc1 Rc6 43. Rc3 Rc8 44. Rc2
Rc6 45. Bc3 Rc5 46. Rd2 f3 47. Rd8 Rh5 48. Ra8 Rxh4+ 49. Kxf3 Bc1 50. Rxa4
h5 51. Ra6+ Kd5 52. Ra5+ Kc6 53. Rf5 Rh3+ 54. Kg2 Rh4 55. a4 Rg4+ 56. Kh3
Re4 57. a5 h4 58. Rf6+ Kc5 59. a6 Re8 60. a7 Ra8 1-0

[Event "ECC"]
[Site "Halkidiki GRE"]
[Date "2002.09.25"]
[Round "4"]
[White "Georgiev,Ki"]
[Black "Van Wely,L"]
[Result "1/2-1/2"]
[WhiteElo "2654"]
[BlackElo "2645"]
[EventDate "2002.09.22"]

1. c4 Nf6 2. Nc3 e5 3. Nf3 Nc6 4. g3 Nd4 5. Bg2 Nxf3+ 6. Bxf3 Bb4 7. Qb3
Bc5 8. d3 O-O 9. O-O c6 10. Bd2 Re8 11. Bg2 Bf8 12. Qa4 h6 13. Rac1 a6 14.
Ne4 Nxe4 15. Bxe4 d6 16. Ba5 Qg5 17. Qb3 h5 18. h4 Qe7 19. Qb6 g5 20. hxg5
Qxg5 21. Qe3 Qxe3 22. fxe3 Bh6 23. Kf2 Bg4 24. Bf3 f5 25. Rh1 Kg7 26. Rcf1
e4 27. dxe4 fxe4 28. Bxg4 hxg4 29. Rh4 Bg5 30. Rxg4 Kg6 31. Kg2 Rac8 32.
Bc3 Re6 33. a4 Rce8 34. a5 Rg8 35. Rff4 Rge8 36. Kh3 R8e7 37. Rf8 Re8 38.
Rff4 R8e7 39. Rf8 Re8 40. Rf1 R8e7 41. Rgf4 Bxf4 42. exf4 Rh7+ 43. Kg4 Kf7
44. f5 Re8 45. Kf4 e3 46. g4 Rh2 47. Kf3 Rg8 48. Be1 Rgh8 49. g5 Rh1 50.
Rxh1 Rxh1 51. Bc3 Rf1+ 52. Ke4 Rf2 53. g6+ Kf8 54. Bd4 Rxe2 55. Bxe3 Kg7
56. Kf3 Rc2 57. Bd4+ Kh6 58. Be3+ Kg7 59. Bd4+ Kh6 60. Bc3 Rh2 61. Kg3 Re2
62. Kf3 Re8 63. Bd2+ Kh5 64. Be3 d5 65. cxd5 cxd5 66. b4 Rd8 67. Bc5 Re8
68. g7 Rg8 69. f6 Kg6 70. Be7 Kf7 71. Kf4 Rc8 72. Ke5 d4 73. Kxd4 Ke6 74.
Bf8 Kf7 75. Kd5 Rc6 76. Be7 Kg8 77. Ke5 Kf7 78. Bd6 Rc8 79. Kf5 Rd8 80. Ke5
Rc8 81. Bc5 Rc6 82. Be7 Re6+ 83. Kd4 Rc6 1/2-1/2

[Event "ECC"]
[Site "Halkidiki GRE"]
[Date "2002.09.25"]
[Round "4"]
[White "Damljanovic,B"]
[Black "Degraeve,JM"]
[Result "1/2-1/2"]
[WhiteElo "2535"]
[BlackElo "2586"]
[EventDate "2002.09.22"]

1. c4 c5 2. Nf3 Nc6 3. Nc3 e5 4. g3 g6 5. Bg2 Bg7 6. O-O Nge7 7. a3 O-O 8.
Rb1 a5 9. d3 d6 10. Nd2 Be6 11. Nd5 Rb8 12. b3 b5 13. Bb2 Qd7 14. Re1 f5
15. e3 Bf7 16. f4 bxc4 17. bxc4 Nxd5 18. cxd5 Ne7 19. fxe5 Bxd5 20. exd6
Qxd6 21. Bxg7 Kxg7 22. Bxd5 Qxd5 23. Nc4 Nc6 24. Qd2 Rfd8 25. Qc3+ Kg8 26.
Rxb8 Rxb8 27. Rd1 a4 28. Qf6 Nd8 29. Qe5 Qxe5 30. Nxe5 Rb3 31. Nc4 Kf7 32.
Kf2 Ke6 33. Ke2 Nc6 34. Rc1 Kd5 35. Kd2 Rb5 36. h4 Ne5 37. Rc3 Nd7 38. Rc2
Nb6 39. Nxb6+ Rxb6 40. Rc4 Rb2+ 41. Ke1 Rb3 42. Rxa4 Rxd3 43. Ke2 Rb3 44.
Ra8 Rb7 45. a4 Kc4 46. a5 Kb5 47. h5 gxh5 48. a6 Rc7 49. Rf8 Kxa6 50. Rxf5
Kb5 51. Rxh5 Kb4 52. Kd2 Rg7 53. e4 c4 54. e5 Rxg3 55. Rxh7 c3+ 56. Kc2
Rg2+ 57. Kc1 1/2-1/2

[Event "ECC"]
[Site "Halkidiki GRE"]
[Date "2002.09.25"]
[Round "4"]
[White "Conquest,S"]
[Black "Ivanisevic,I"]
[Result "1-0"]
[WhiteElo "2542"]
[BlackElo "2550"]
[EventDate "2002.09.22"]

1. d4 Nf6 2. c4 d6 3. Nc3 e5 4. Nf3 e4 5. Ng5 Qe7 6. Nh3 h6 7. Nf4 c6 8. h4
g6 9. e3 Na6 10. b3 h5 11. Be2 Bh6 12. Ba3 O-O 13. Qd2 Nc7 14. Nh3 Rb8 15.
Bd1 b5 16. Ne2 Ne6 17. Rc1 Rd8 18. Bc2 Ng7 19. Nef4 Bg4 20. d5 c5 21. cxb5
Nf5 22. g3 Bf3 23. O-O Ng4 24. Bb2 Nxh4 25. Qc3 Ne5 26. b4 Rxb5 27. bxc5
Rxc5 28. Qb4 a5 29. Qa4 Rc4 30. Qxa5 g5 31. Bxe5 dxe5 32. Qa6 gxf4 33. Qxh6
fxg3 34. Ng5 f5 35. Bb3 gxf2+ 36. Kxf2 Rd6 37. Bxc4 f4 38. Ne6 fxe3+ 39.
Qxe3 Rxe6 40. Rg1+ Kh7 41. dxe6 1-0